01014nam a2200241Ia 450000100060000000300090000600800410001504000130005604000130006904100130008210000250009510000290012024501260014924501250027525000110040026000100041126000090042126000490043030000430047950001770052265000420069965000310074137928IT-RoPAU130308s9999 xx 000 0 und d aIT-RoPAU cIT-RoPAU aFRANCESE aTimbal-Duclaux Louis gCodice Aut. SPICS: 15246 aEcriture creative (L')-Cinq techniques pour liberer l'inspiration, produire des idees, pour communiquer avec efficacitè bEcriture creative (L')-Cinq Techniques pour liberer L'Inspiration, produire des Idees, pour communiquer Avec Efficacite' a1a ed. aPARIS bRetz c1986 [1° Ed.:1986 - Ed.Ling.Originale:1986] a"176 p. (prefazione: no ; testo: 176)" aScrittura creativa cinque Tecniche per Liberare L'Ispiirazione produrre Idee e comunicare con Efficacia Spiegare e Capire cinque Metodi creativi Come Lavorano gli Scrittori aPEDAGOGIA DELLA COMUNICAZIONE SOCIALE eCodice materia Spics: 3804